| 000 | 00420nam a2200145Ia 4500 | ||
|---|---|---|---|
| 008 | 211109s9999||||xx |||||||||||||| ||und|| | ||
| 082 |
_a894.8123 _bHER-M |
||
| 100 | _aEhrnburg, Elia | ||
| 245 | 0 | _aMannurukunnu | |
| 260 |
_bKerala Book House _aKodugallor _c2001 |
||
| 300 | _a270p. | ||
| 630 | _xGeneral Stack | ||
| 650 |
_aMalayalam Literature _vMalayalam FictionMalayalam NovelShort Stories _xMalayalam |
||
| 942 | _cBOOK | ||
| 999 |
_c32020 _d32020 |
||